1968年以降に電化された国鉄・JRの線区 - Statistics

General Stats
  • This quiz has been taken 361 times
    353 since last reset
  • The average score is 115 of 194
Answer Stats
年月日 路線 区間 % Correct
1984/10/01 奈良線 京都
84%
1990/03/10 山陰本線 京都
84%
青森
83%
青森
83%
津軽線 青森
83%
1968/08/22 東北本線 盛岡
82%
盛岡
82%
1986/10/29 山陰本線 福知山
82%
福知山
82%
福知山
82%
2003/03/15 小浜線 敦賀
82%
1971/08/25 奥羽本線 秋田
80%
秋田
80%
1973/10/01 関西本線 奈良
80%
秋田
80%
和歌山
80%
桜井線 奈良
80%
奈良
80%
和歌山
80%
紀勢本線 和歌山
80%
新潟
79%
白新線 新潟(上沼垂(信))
79%
紀勢本線 新宮
78%
木津
78%
関西本線 木津
78%
木津
78%
1989/03/11 片町線 木津
78%
東舞鶴
78%
東舞鶴
78%
1982/11/15 田沢湖線 大曲
77%
城崎
77%
1988/03/13 函館本線 函館
77%
1979/08/01 関西本線 名古屋
76%
亀山
76%
山形
74%
1987/03/23 予讃本線 高松
73%
関西本線 加茂
73%
1995/04/20 山陰本線 綾部
73%
綾部
73%
1999/10/02 舞鶴線 綾部
73%
成田
71%
旭川
71%
成田線 成田
71%
1984/04/08 越後線 柏崎
71%
園部
71%
1996/03/16 山陰本線 園部
71%
2003/05/10 宗谷本線 旭川
71%
1972/08/05 羽越本線 新津
70%
新発田
70%
1982/07/01 伯備線 倉敷
70%
五稜郭
70%
江差線 五稜郭
70%
2016/03/26 函館本線 五稜郭
70%
1968/03/28 総武本線 千葉
69%
1968/07/13 房総東線 千葉
69%
安房鴨川
69%
安房鴨川
69%
木古内
69%
八高線 八王子
69%
新函館北斗
69%
鹿児島
68%
銚子
68%
鹿児島
68%
和歌山線 王寺
68%
中小国(新中小国(信))
68%
1968/08/28 函館本線 小樽
67%
1980/10/01 室蘭本線 室蘭
67%
宝塚
67%
伯耆大山
67%
山陰本線 伯耆大山
67%
高麗川
67%
1986/11/01 福知山線 宝塚
67%
予讃本線 多度津
67%
土讃本線 多度津
67%
多度津
67%
高麗川
67%
佐倉
66%
成田線 佐倉
66%
1968/09/30 鹿児島本線 熊本
66%
1973/09/28 成田線 佐倉
66%
1974/10/26 総武本線 佐倉
66%
長崎
66%
高田
66%
和歌山市
66%
熊本
66%
蘇我
65%
房総西線 蘇我
65%
木更津
65%
1969/07/11 房総西線 木更津
65%
1972/07/15 外房線 蘇我
65%
坂出
65%
琴平
65%
1987/10/02 予讃本線 坂出
65%
2004/12/19 加古川線 加古川
65%
1968/09/23 奥羽本線 米沢
64%
我孫子
64%
1985/09/30 川越線 大宮
64%
予讃線 今治
64%
今治
64%
五条
63%
和歌山線 五条
63%
1998/03/14 播但線 姫路
63%
佐世保
62%
伊予市
62%
橋本
62%
松本
61%
滝川
60%
1969/10/01 函館本線 滝川
60%
1976/06/06 長崎本線(市布経由) 鳥栖
59%
新旭川(旭川運転所)
59%
1969/08/24 信越本線 直江津
58%
直江津
58%
1991/03/16 相模線 茅ケ崎
58%
新居浜
58%
1993/03/18 予讃線 新居浜
58%
佐世保線 肥前山口
57%
沼ノ端
57%
千歳線 沼ノ端
57%
白石
57%
谷川
57%
北海道医療大学
57%
武豊
57%
1973/03/28 篠ノ井線 篠ノ井
56%
1973/05/27 中央本線 塩尻
56%
成東
56%
唐津
55%
唐津線 唐津
55%
2012/06/01 札沼線 桑園
55%
2015/03/01 武豊線 大府
55%
東金線 大網
54%
1983/03/22 筑肥線 姪浜
54%
北陸本線 糸魚川
53%
西唐津
53%
弥彦線 弥彦
53%
和倉温泉
53%
観音寺
52%
1992/07/23 予讃線 観音寺
52%
1999/10/01 豊肥本線 肥後大津
52%
鹿島神宮(北鹿島(貨))
52%
湊町
51%
南宮崎
51%
1979/09/25 日豊本線 南宮崎
51%
1996/07/18 日南線 南宮崎
51%
寺前
51%
1968/08/16 中央本線 中津川
50%
中津川
50%
1991/09/01 七尾線 津幡
50%
松岸
49%
1982/06/21 境線 米子
49%
東三条
49%
長尾
48%
1990/11/21 予讃線 伊予北条
48%
伊予北条
48%
1992/03/10 大村線 早岐
47%
1968/09/01 両毛線 小山
46%
鹿島線 香取
45%
田吉
45%
前橋
44%
ハウステンボス
44%
2001/10/06 筑豊本線 折尾
44%
桂川
44%
篠栗線 桂川
44%
1981/04/01 福知山線 塚口
43%
吉塚
43%
1980/03/03 草津線 柘植
42%
草津
41%
沼津
38%
千倉
38%
1971/07/01 房総西線 千倉
38%
2014/03/15 烏山線 烏山
38%
1968/04/27 御殿場線 国府津
37%
八田
37%
1982/05/17 関西本線 八田
37%
1970/09/15 呉線 三原
36%
1971/03/07 吾妻線 渋川
36%
御殿場
35%
1968/07/01 御殿場線 御殿場
35%
海田市
35%
2017/03/04 男鹿線 男鹿
35%
長野原(大前)
34%
赤穂線 播州赤穂
33%
後藤
33%
和田岬
33%
2001/07/01 山陽本線 兵庫
32%
宮内
31%
1975/10/13 奥羽本線 羽前千歳
31%
東岡山
30%
瑞浪
28%
知井宮
25%
川尻
12%
1970/09/01 鹿児島本線 川尻
12%
1974/03/13 日豊本線 幸崎
11%
利府
8%
1978/10/02 東北本線 岩切
7%
No matching quizzes found
Score Distribution
Percent of People with Each Score
Percentile by Number Answered
Your Score History
You have not taken this quiz since the last reset